00299nam a2200121Ia 4500008004100000100002200041245005000063260002200113300000800135650001000143942000700153999001700160190216s9999||||xx |||||||||||||| ||und|| aSivakumar Asthana 0aHindi- Brugathar Bharathi Ki Simathi Seemayam bLokahit Prakashan a105 aHindi cBK c16137d16137